<The> role of transport infrastructure in attracting foreign direct investment in Malta diplomová práca

Enregistré dans:
Détails bibliographiques
Auteur principal: Daneková, Zuzana
Collectivité auteur: Ekonomická univerzita v Bratislave. Ústav medzinárodných programov
Autres auteurs: Hansenová, Heda
Format: Livre
Langue:anglais
Publié: Bratislava 2013
Tags: Ajouter un tag
Pas de tags, Soyez le premier à ajouter un tag!

MARC

LEADER 00000nbm a2200000 4500
001 0176049
005 20170314103558.3
041 0 |a eng 
044 |a SK 
245 1 0 |a <The> role of transport infrastructure in attracting foreign direct investment in Malta  |b diplomová práca  |c Zuzana Daneková ; školiteľ: Heda Hansenová 
264 1 |a Bratislava  |c 2013 
300 |a 70 s. 
100 1 |a Daneková, Zuzana 
700 1 |a Hansenová, Heda 
710 2 |a Ekonomická univerzita v Bratislave. Ústav medzinárodných programov